000 00747nam a2200253Ia 4500
003 OSt
005 20220930093823.0
006 a|||||r|||| 00| 0
007 ta
008 220926b |||||||| |||| 00| 0 urd d
024 _a62646
037 _cTheses
040 _aCRL
_cCRL
_burd
041 _2urd
_aurd
100 _aKhatoon Humera Au.
110 _aUniversity of Delhi. Faculty of Arts. Department of Urdu
245 0 _aUrdu mein taraqqi pasand tanqeed ka tajziyati mutalea
260 _c2018
300 _a198p.
_ap.
_ccm.
700 _a Ahmad S Aquil Gu.
_9553394
700 _aUniversity of Delhi. Faculty of Arts. Department of Urdu
942 _cDIS
_2CC
999 _c886045
_d886045